Score 0/20 Timer 03:00
9 Plays Today
% Correct
French
97.8%
Buffalo
97.5%
Hash
97%
Surf and
96.7%
Sloppy
96.4%
Eggs
96%
Pulled
95.6%
Corn
95.1%
Chicago Deep Dish
95%
Key
94.8%
% Correct
Red
93.6%
Philly
93.5%
Cranberry
92.9%
New England
89.1%
Tuna Noodle
84.6%
Candied
82.1%
Chicken Fried
81.5%
Waldorf
81.5%
Oysters
78.7%
Cedar Plank
74.2%
Remove Ads.
Support Sporcle.
Get the best of Sporcle when you Go Orange. This ad-free experience offers more features, more stats, and more fun while also helping to support Sporcle. Thank you for becoming a member.

You're not logged in!

Compare scores with friends on all Sporcle quizzes.
OR
Log In

Show Comments

Extras

Top Quizzes Today


Score Distribution

Your Account Isn't Verified!

In order to create a playlist on Sporcle, you need to verify the email address you used during registration. Go to your Sporcle Settings to finish the process.

Report this User

Report this user for behavior that violates our Community Guidelines.

Details: